000 00866cam a2200265 a 4500
003 OSt
005 20210818181508.0
008 161102s1982 sp ||||gr|||| 001 f spa d
020 _a8422614510 (v.1)
020 _a8422614529 (v.2)
020 _a8422614537 (Obra completa)
040 _bspa
041 _aspa
082 0 4 _a843.78
_bH895m
100 1 _941849
_aHugo, Victor Marie,
_d1802-1885
245 1 4 _aLos miserables
_cVictor Hugo ; introducción Mario Vargas Llosa
260 _aBarcelona
_bCirculo de Lectores
_c1982
300 _a1 Volúmenes
_c21 centímetros
490 _aGrandes Clásicos Universales
650 0 _924839
_aNovela Francesa
650 0 _950103
_aLiteratura Universal
650 0 _921332
_aLiteratura Francesa
_vNovela
700 _950267
_aVargas Llosa, Mario
942 _2ddc
_h843.78 H895m
_k843.78
_mH895m
999 _c10814
_d10814